| 000 | 07121 a2200601 4500 | ||
|---|---|---|---|
| 005 | 20090505114514.0 | ||
| 008 | 090505t xxu||||| |||| 00| 0 eng d | ||
| 010 | _aENG-89841 B-309752-777 | ||
| 020 |
_a8187671696 _c250.00 |
||
| 020 |
_a9798187671694 _c250.00 |
||
| 035 | _aEN-73374 | ||
| 035 | _aB-309752-777 | ||
| 037 | _bDBAD / PUB | ||
| 037 | _bWestland Limited | ||
| 040 |
_adpl _bEnglish |
||
| 082 | _a616.7227 | ||
| 100 | _aFischer, Harry D. | ||
| 245 |
_aWhat to do when the doctor says it's rheumatoid arthritis: _cby Harry D. Fischer and Winnie YU _bcure your pain, become more active, and take control of your medical care/ |
||
| 260 |
_aChennai _bWestland Books _c2006 |
||
| 270 |
_a571, Poonamallee High Road, Kamraj Bhavan, Aminjikarai _bChennai _e600 002 _mewb@airtelbroadband.in |
||
| 300 |
_a282p. _b23 cm. (Pbk.) |
||
| 500 | _aIncludes glossary, bibliographical references & index. | ||
| 700 | _aWinnie YU | ||
| 942 |
_adpl _cEN _k616.7227 / FIS _2ddc _h616.7227 _mFIS |
||
| 999 |
_c11486 _d11486 |
||